| 000 | 00698nam a2200181Ia 4500 | ||
|---|---|---|---|
| 008 | 090124s9999 xx 000 0 und d | ||
| 082 |
_b6288 _a714 |
||
| 100 | _aवरेरकर भा.वि.(भार्गव विठ्ठल)(मामा) | ||
| 245 | _a माझ्या कलेसाठी | ||
| 250 | _a1 | ||
| 260 | _c1942 | ||
| 300 | _a71 | ||
| 600 | _aवरेरकर भा.वि.(भार्गव विठ्ठल)(मामा) | ||
| 630 | _a माझ्या कलेसाठी | ||
| 700 | _aवरेरकर भा.वि.(भार्गव विठ्ठल)(मामा) | ||
| 730 | _a माझ्या कलेसाठी | ||
| 942 | _cBOOK | ||
| 999 |
_c120229 _d120229 |
||